|
|
|
|
| LEADER |
00000nam a22000007a 4500 |
| 005 |
20210618012952.0 |
| 007 |
cr|||| |||| |
| 008 |
210618s2019 co |||||s|||| 00||0 spa d |
| 020 |
|
|
|a 978-958-792-026-0
|
| 035 |
|
|
|a 33439
|
| 040 |
|
|
|a vLex
|
| 090 |
|
|
|c 11821
|d 11821
|
| 100 |
1 |
|
|a Martn̕ez Bermd︢ez, Rigoberto
|
| 245 |
1 |
0 |
|a Gestin̤ del Servicio Humanizado en Salud
|h [Recurso electrn̤ico] :
|b Con visin̤ multivariable y gua̕s de mejoramiento /
|c Rigoberto Martn̕ez Bermd︢ez
|
| 250 |
|
|
|a 2da. Edicin̤
|
| 256 |
|
|
|a Servicio en ln̕ea
|
| 260 |
|
|
|a Bogot:̀
|b Ediciones de la U,
|c 2019
|
| 300 |
|
|
|a 1 recurso electrn̤ico
|
| 500 |
|
|
|a Mientras usted, amable lector, inicia la lectura de la presente obra, puede que una persona, padeciendo de cǹcer, espere ingresar a travš de una fila extenuante a una institucin̤ de salud en procura de superar este grave mal o al menos mitigarlo; una dama se encuentre en una camilla a punto de dar a luz su primer hijo; un anestesil̤ogo se apreste para acudir al quirf̤ano; un adolescente con sn̕drome de Down busque ser comprendido por una enfermera; un ciudadano espere la llegada de la ambulancia o que lo lleve de prisa a una institucin̤ de salud pb︢lica o privada, despuš de sufrir una cad̕a en la escalera de su casa; una abuelita intente tramitar el pago en caja para retirar a su nieto mediante una orden de salida; o tal vez unos deudos recogen los despojos mortales de un ser querido. Cualquier persona puede verse en una o varias de estas situaciones en un momento dado, con la esperanza de que ellas ocurran dentro de una alta dosis de humanismo por quienes, en representacin̤ de una institucin̤ de salud, los abrigan con actitud de ayuda nacida de su alma. Estas breves reflexiones evidencian la importancia de asumir, el servicio de salud humanizado al interior de la institucin̤, dentro de una connotacin̤ integral, como parte de una responsabilidad de todos, y as ̕emprender un plan de intervencin̤ voluntaria de mejoramiento. Esta obra es una propuesta de un modelo multivariable de gestin̤ del servicio humanizado en salud, complementado con la formulacin̤ de una gua̕ de intervencin̤ para una mejor gestin̤, manteniendo la ln̕ea humana de quienes se han ocupado insistentemente en la mirada multidimensional del paciente, en su trato y el respeto hacia ľ.
|
| 506 |
1 |
|
|a Disponible solo en los productos indicados
|d vLex Global
|d vLex Global (Academic Edition, excluding Law Schools)
|d vLex Global (U.S. Academic Edition, Law Schools)
|d vLex Global (U.S. Academic Edition, excluding Law Schools)
|d vLex Global (Academic Edition, Law Schools)
|
| 650 |
0 |
4 |
|a Administracin̤ (Management)
|z Colombia
|
| 740 |
0 |
|
|a vLex Libros (Servicio en ln̕ea)
|
| 856 |
4 |
0 |
|u https://vlex.com/source/gestion-del-servicio-humanizado-en-salud-con-vision-multivariable-y-guias-de-mejoramiento-2da-edicion-33439
|z Acceso restringido
|
| 942 |
|
|
|c BOOK
|
| 999 |
0 |
|
|a Management
|